Lengua y literatura 2 : (Registro nro. 9902)

Detalles MARC
000 -LEADER
fixed length control field 02776nam a2200481 a 4500
001 - CONTROL NUMBER
control field 00003881
003 - CONTROL NUMBER IDENTIFIER
control field DO-SdBNP
005 - DATE AND TIME OF LATEST TRANSACTION
control field 20180306115722.0
007 - PHYSICAL DESCRIPTION FIXED FIELD--GENERAL INFORMATION
fixed length control field 00003881
008 - FIXED-LENGTH DATA ELEMENTS--GENERAL INFORMATION
fixed length control field 091123s2001 dr 2001 a 000 0 spa d
020 ## - INTERNATIONAL STANDARD BOOK NUMBER
International Standard Book Number 9788482613512
020 ## - INTERNATIONAL STANDARD BOOK NUMBER
International Standard Book Number 8482613510
040 ## - CATALOGING SOURCE
Original cataloging agency BPMSU
Language of cataloging spa
Transcribing agency BPMSU
082 04 - DEWEY DECIMAL CLASSIFICATION NUMBER
Classification number 372.6561
Item number G216L 2do. 2001
100 1# - MAIN ENTRY--PERSONAL NAME
Personal name García Cartagena, Manuel
245 10 - TITLE STATEMENT
Title Lengua y literatura 2 :
Remainder of title educación media /
Statement of responsibility, etc. Manuel García Cartagena ; dirección editorial Obdulia García de Escobar ; ilustración Ruddy Núñez.
260 ## - PUBLICATION, DISTRIBUTION, ETC. (IMPRINT)
Place of publication, distribution, etc. Santo Domingo :
Name of publisher, distributor, etc. Santillana,
Date of publication, distribution, etc. 2001.
300 ## - PHYSICAL DESCRIPTION
Extent 279 p. :
Other physical details il., mapas., retrs. ;
Dimensions 28 cm.
490 1# - SERIES STATEMENT
Series statement Umbral
500 ## - GENERAL NOTE
General note Segundo de bachillerato 2do. curso/Primer ciclo.
505 1# - FORMATTED CONTENTS NOTE
Title La expresión creativa --
-- Juntos construimos la armonía --
-- Alma dominicana --
-- Desarrolla tu potencial social --
-- Expresa tu mundo interior --
-- La salud y los remedios --
-- Todo se consigue trabajando --
-- La Tierra: un planeta amenazado --
-- Máquinas que dominana el mundo --
-- El valor de nuestra vida --
-- ¡Limpiemos el planeta! --
-- El trabajo en la Tierra.
505 1# - FORMATTED CONTENTS NOTE
Title Mecánica literaria --
-- Mecánica de la versificación --
-- La expresión creativa --
-- Juntos construiremos la armonía --
-- Alma dominicana --
-- Proyecto 1 <br/>El español: una lengua internacional --
-- Mecánica de la argumentación --
-- Mecánica de la interacción --
-- Desarrolla tu potencial social --
-- Expresa tu mundo interior --
-- La salud y los remedios --
-- Mecánica del resumen --
-- Estructuras discursivas --
-- Todo se consigue trabajando --
-- La tierra: un planeta amenazado --
-- Máquinas que dominan el mundo --
-- Proyecto 2 --<br/>Procedimientos de documentación --
-- Mecánica del comentario --
-- Mecánica de los generos --
-- El valor de nuestra vida --
-- !Limpiemos el planetas¡ --
-- El trabajo en la tierra --
650 #4 - SUBJECT ADDED ENTRY--TOPICAL TERM
Topical term or geographic name as entry element ESPAÑOL
General subdivision ENSEÑANZA SECUNDARIA
650 #4 - SUBJECT ADDED ENTRY--TOPICAL TERM
Topical term or geographic name as entry element ESPAÑOL
General subdivision EDUCACIÓN SECUNDARIA
650 #4 - SUBJECT ADDED ENTRY--TOPICAL TERM
Topical term or geographic name as entry element ESPAÑOL
General subdivision LIBROS DE TEXTOS
650 #4 - SUBJECT ADDED ENTRY--TOPICAL TERM
Topical term or geographic name as entry element ESPAÑOL
General subdivision ESTUDIOS Y EJERCICIOS
650 #4 - SUBJECT ADDED ENTRY--TOPICAL TERM
Topical term or geographic name as entry element EDUCACIÓN SECUNDARIA
Geographic subdivision REPÚBLICA DOMINICANA
650 #4 - SUBJECT ADDED ENTRY--TOPICAL TERM
Topical term or geographic name as entry element LITERATURA
General subdivision LIBROS DE TEXTOS
650 #4 - SUBJECT ADDED ENTRY--TOPICAL TERM
Topical term or geographic name as entry element LITERATURA
General subdivision ENSEÑANZA BÁSICA
650 #4 - SUBJECT ADDED ENTRY--TOPICAL TERM
Topical term or geographic name as entry element LITERATURA
General subdivision ESTUDIOS Y EJERCICIOS
650 #4 - SUBJECT ADDED ENTRY--TOPICAL TERM
Topical term or geographic name as entry element LITERATURA
General subdivision EDUCACIÓN SECUNDARIA
700 12 - ADDED ENTRY--PERSONAL NAME
Personal name García de Escobar, Obdulia,
Relator term ed.
700 12 - ADDED ENTRY--PERSONAL NAME
Personal name Núñez, Ruddy,
Relator term il.
830 #0 - SERIES ADDED ENTRY--UNIFORM TITLE
Uniform title Umbral
910 ## - USER-OPTION DATA (OCLC)
User-option data Validado. Control de calidad MFF
930 #1 - EQUIVALENCE OR CROSS-REFERENCE-UNIFORM TITLE HEADING [LOCAL, CANADA]
Language of a work BND01
Medium of performance for music LF1
Field link and sequence number 20091123
Date of a work 01
Name of part/section of a work CT
Miscellaneous information 8136
942 ## - ADDED ENTRY ELEMENTS (KOHA)
Source of classification or shelving scheme Dewey Decimal Classification
Koha item type Libros
945 ## - LOCAL PROCESSING INFORMATION (OCLC)
a Inventariado, 2018 /LP
956 ## - LOCAL ELECTRONIC LOCATION AND ACCESS (OCLC)
Host name JPARRA
Access number 10
Compression information 20091123
Logon BND01
Processor of request 1157
956 ## - LOCAL ELECTRONIC LOCATION AND ACCESS (OCLC)
Host name BTAVAREZ
Access number 10
Compression information 20100817
Logon BND01
Processor of request 1112
956 ## - LOCAL ELECTRONIC LOCATION AND ACCESS (OCLC)
Host name VMATEO
Access number 10
Compression information 20150730
Logon BPMSU
Processor of request 00151
956 ## - LOCAL ELECTRONIC LOCATION AND ACCESS (OCLC)
Host name LOPEREZ
Access number 10
Compression information 20160425
Logon BPMSU
Processor of request 00041
Existencias
Withdrawn status Lost status Source of classification or shelving scheme Damaged status Not for loan Collection code Home library Current library Date acquired Source of acquisition Total Checkouts Full call number Barcode Date last seen Price effective from Koha item type Copy number
    Dewey Decimal Classification     Colección Escolar Biblioteca Pública Metropolitana Salomé Ureña Biblioteca Pública Metropolitana Salomé Ureña 04/21/2016 FUNDI   372.6561 G216L 2do. 2001 v.1 BPMSU16040644 04/21/2016 04/21/2016 Libros  
    Dewey Decimal Classification     Colección Escolar Biblioteca Pública Metropolitana Salomé Ureña Biblioteca Pública Metropolitana Salomé Ureña 04/21/2016 FUNDI   372.6561 G216L 2do. 2001 v.1 BPMSU16040645 04/21/2016 04/21/2016 Libros ej. 2